Slovenská národná bibliografia články

Saved in:
Bibliographic Details
Format: Serial
Language:Slovak
Published: Martin Matica slovenská 1984
Tags: Add Tag
No Tags, Be the first to tag this record!

MARC

LEADER 00000nas2a2200000 4500
001 s109149
005 20250730114201.8
041 0 |a slo 
044 |a SK 
245 1 0 |a Slovenská národná bibliografia  |b články 
264 1 |a Martin  |b Matica slovenská  |c 1984 
300 |a 4 zv. 
773 0 |w eu_un_cat*s121016